000
00306nam a22001217a 4500
008
230703b xxu||||| |||| 00| 0 eng d
020
_a
0185727207
082
_a
346.67
_b
WAN 1990
245
_a
Land Law and Disputes in Kenya
260
_b
Oxford University Press
_c
1990
300
_a
IX,79p
942
_2
ddc
_c
BK
999
_c
3189
_d
3189